[Event "CEDIS Festival saha - finale"]
[Site "Podgorica"]
[Date "2025.11.16"]
[Round "5.2"]
[White "Pavlovic, David"]
[Black "Sijaric, Alvir"]
[Result "1/2-1/2"]
[WhiteElo "1747"]
[BlackElo "1978"]
[WhiteFideId "-1"]
[WhiteFideId "-1"]
[PlyCount "40"]
[GameId "2245683738608011"]
[EventDate "2025.11.14"]
[EventType "tourn"]
[EventRounds "9"]
[EventCountry "MNE"]
[SourceVersionDate "2025.11.18"]

1. e4 c6 2. d4 d5 3. exd5 cxd5 4. Nf3 Nc6 5. Bd3 Nf6 6. c3 Bg4 7. Bf4 e6 8. Nbd2 Bd6 9. Bxd6 Qxd6 10. O-O O-O 11. h3 Bh5 12. Be2 Rab8 13. Ne1 Bg6 14. Bd3 b5 15. a3 a5 16. Nb3 Rb6 17. Bxg6 hxg6 18. Nc5 b4 19. cxb4 axb4 20. a4 Ne4 1/2-1/2

[Event "CEDIS Festival saha - finale"]
[Site "Podgorica"]
[Date "2025.11.16"]
[Round "5.3"]
[White "Vujadinovic, Zeljko"]
[Black "Zarudniak, Elisei"]
[Result "0-1"]
[WhiteElo "1831"]
[BlackElo "1660"]
[WhiteFideId "-1"]
[WhiteFideId "-1"]
[PlyCount "120"]
[GameId "2245684564058632"]
[EventDate "2025.11.14"]
[EventType "tourn"]
[EventRounds "9"]
[EventCountry "MNE"]
[SourceVersionDate "2025.11.18"]

1. d4 Nf6 2. Nf3 g6 3. Bg5 Bg7 4. e3 d5 5. c3 O-O 6. Nbd2 Bf5 7. Qb3 b6 8. Be2 Re8 9. O-O h6 10. Bh4 Ne4 11. Nxe4 Bxe4 12. Nd2 Bf5 13. f4 c5 14. Bf3 Be6 15. a4 Nc6 16. Qd1 Qd6 17. Bg3 Bf5 18. Bg4 e6 19. Be2 f6 20. Bg4 Bd3 21. Re1 Qe7 22. Bf3 Rad8 23. Be2 Bxe2 24. Qxe2 e5 25. Qg4 Kh7 26. f5 Qf7 27. Nf3 gxf5 28. Qxf5+ Qg6 29. Qxg6+ Kxg6 30. Nh4+ Kh7 31. Nf5 Na5 32. dxc5 Nb3 33. Ra3 Nxc5 34. b4 Nd3 35. Rd1 e4 36. b5 Bf8 37. Ra2 Rc8 38. Rc2 Bb4 39. Be1 Bc5 40. Nd4 Bxd4 41. exd4 Rc4 42. a5 bxa5 43. Ra1 Rb8 44. Bd2 Rxb5 45. Rca2 a4 46. h3 Rb2 47. Rxb2 Nxb2 48. Ra3 f5 49. g4 fxg4 50. hxg4 Kg6 51. Kf2 Rc6 52. Ke2 Ra6 53. Bf4 Nc4 54. Ra2 h5 55. gxh5+ Kxh5 56. Bc1 Kg4 57. Kf2 a3 58. Kg1 e3 59. Kg2 Kf4 60. Kf1 Ke4 0-1

[Event "CEDIS Festival saha - finale"]
[Site "Podgorica"]
[Date "2025.11.16"]
[Round "5.4"]
[White "Lakusic, Zoran"]
[Black "Abramovic, Dragoljub"]
[Result "0-1"]
[WhiteElo "1713"]
[BlackElo "1981"]
[WhiteFideId "-1"]
[WhiteFideId "-1"]
[PlyCount "104"]
[GameId "2245687213536110"]
[EventDate "2025.11.14"]
[EventType "tourn"]
[EventRounds "9"]
[EventCountry "MNE"]
[SourceVersionDate "2025.11.18"]

1. Nf3 d5 2. g3 Nf6 3. Bg2 c6 4. b3 Bf5 5. d3 h6 6. Bb2 e6 7. O-O Nbd7 8. Nbd2 Bc5 9. Bd4 Qe7 10. Bxc5 Qxc5 11. Rc1 O-O 12. c3 e5 13. d4 Qe7 14. dxe5 Nxe5 15. Nxe5 Qxe5 16. Nf3 Qe7 17. Nd4 Be4 18. f3 Bg6 19. Qd2 Rfe8 20. Kf2 Rad8 21. Bh3 Qe5 22. Qf4 Qe7 23. Rfe1 c5 24. Nf5 Bxf5 25. Bxf5 d4 26. c4 b6 27. Bd3 Qe6 28. Bf5 Qe7 29. Rcd1 g5 30. Qc1 Qe5 31. Bd3 Qe6 32. Kg2 Kg7 33. Qc2 Qe3 34. Bf5 Re7 35. Rd3 Qe5 36. e4 Rde8 37. g4 Ng8 38. Qc1 Qc7 39. Rf1 Nf6 40. h4 gxh4 41. Qe1 Qf4 42. Qxh4 Nd7 43. Bxd7 Rxd7 44. Qg3 Qf6 45. Rh1 Rde7 46. Rh5 Re5 47. Rxe5 Rxe5 48. Rd1 h5 49. Rf1 hxg4 50. fxg4 Qe7 51. Qd3 Rxe4 52. Qf3 Qe6 0-1

[Event "CEDIS Festival saha - finale"]
[Site "Podgorica"]
[Date "2025.11.16"]
[Round "5.5"]
[White "Jankovic, Jovan"]
[Black "Djukanovic, Sreten"]
[Result "0-1"]
[WhiteElo "1890"]
[BlackElo "2115"]
[WhiteFideId "-1"]
[WhiteFideId "-1"]
[PlyCount "74"]
[GameId "2245688898393090"]
[EventDate "2025.11.14"]
[EventType "tourn"]
[EventRounds "9"]
[EventCountry "MNE"]
[SourceVersionDate "2025.11.18"]

1. e4 c5 2. Nf3 a6 3. d4 cxd4 4. Nxd4 e5 5. Nb3 Nf6 6. Nc3 Bb4 7. Bd3 d5 8. Bd2 Bxc3 9. Bxc3 dxe4 10. Be2 Qxd1+ 11. Rxd1 Nc6 12. h3 O-O 13. g4 h6 14. a3 b6 15. O-O Be6 16. Rd6 Rfc8 17. f4 exf4 18. Bxf6 f3 19. Bxf3 exf3 20. Bc3 a5 21. Rxf3 Rab8 22. Nc1 b5 23. Nd3 b4 24. axb4 axb4 25. Bd2 Bc4 26. Bf4 Rb5 27. Re3 Be6 28. c3 bxc3 29. bxc3 Na5 30. Ne5 Rb2 31. Ra6 Ra2 32. Rd3 g5 33. Bg3 Rb8 34. Bf2 Rb1+ 35. Kg2 Rbb2 36. Rf3 Bd5 37. Raf6 Rxf2+ 0-1